000 00902nam a22002417a 4500
003 OSt
005 20210111083055.0
008 210111b ||||| |||| 00| 0 spa d
040 _aDO-SdBNP
_bspa
_cBNPHU
082 _bR789c
110 _aRosario, Antonio
_977654
240 1 0 _aCòdigo de procedimiento criminal
245 1 0 _aCòdigo de procedimiento criminal de la Repùblica Dominicana :
_bleyes que lo modifican y lo completan (con notas de jurisprudencia) /
_cAntonio Rosario ; ediciòn preparada por Dario Balcacer
250 _a4ta ed.
260 _aSanto Domingo :
_bLibrerìa Dominicana,
_c1968
300 _a316 p.
_c24 cm
590 _aInventariado, 2021 / DG
650 4 _aDerecho Penal
_xLegislaciòn
_zRepùblica Dominicana
_916570
650 4 _aLeyes
_zRepùblica Dominicana
_93033
700 _aBalcacer, Dario
_eEditor
_956912
910 _aInventariado, 2021/ DG
942 _2ddc
_cLBS1
999 _c49301
_d49301